| 000 | 00701nas a2200217 4500 | ||
|---|---|---|---|
| 001 | BR9505349 | ||
| 003 | BR-BrBNA | ||
| 005 | 20231205094206.0 | ||
| 007 | ta | ||
| 008 | 230509b bl.|||p| |||| 00| 00por d | ||
| 040 |
_aBR-BrBNA _bpor _cBiblioteca Nacional de Agricultura |
||
| 041 | _a(Pt) | ||
| 072 | _aL53 | ||
| 100 | 1 | _aTabarelli Neto, J.F. | |
| 245 | 1 | _aParecer referente a uma possivel modificacao no periodo de monta do cavalo puro sangue ingles em nossa latitude | |
| 650 | _aPuro Sangue Ingles | ||
| 650 | _aAcasalamento | ||
| 773 | 0 |
_tZootecnia (Brazil) _xISSN 0044-5320 _g(Oct-Dec 1969), v. 7(4) p. 5-24 _wBR9505349 |
|
| 909 |
_a202311 _bLúcia _c55 _dLúcia Elande |
||
| 942 |
_2AGRIS _n0 _cANA |
||
| 999 |
_c142678 _d142678 |
||